000
00520nam a2200181Ia 4500
008
090123s9999 xx 000 0 und d
082
_b
1113
100
_a
कर्वे इरावती
245
_a
परिपूर्ती
250
_a
5
260
_b
देशमुख रा.ज.
300
_a
153
600
_a
कर्वे इरावती
630
_a
परिपूर्ती
700
_a
कर्वे इरावती
730
_a
परिपूर्ती
942
_c
BOOK
999
_c
39197
_d
39197